Európsky pilier sociálnych práv a spoločnosť 5.0

Bibliographic Details
Other Authors: Barancová, Helena, 1949- (Editor)
Format: Book
Language:Slovak
Czech
PhysicalDescription:272 strán 20 cm
Published: Praha Leges 2018
ISBN:9788075023254
Edition:Vydání první
Subjects:

MARC

LEADER 00000nam a2200000 4500
001 vtls011898670
003 SK-MaSNL
005 20260426000824.0
008 200316s2018 xr fr 000 0 slo
015 |a SNBZSA2020/01 
020 |a 9788075023254  |q (viazané) 
035 |a urn:nbn:sk:snk-am00djbt 
035 |a urn:nbn:sk:snk-am3i43c 
035 |a 39668BD7-B650-4B81-9477-69383AF1B94D 
040 |a SNK  |b slo  |c SNK  |e rda 
041 0 |a slo  |a cze 
043 |a e-xo---  |a e-xr---  |a e------ 
044 |a xr  |c CZ 
072 7 |a 349  |x Pracovné, sociálne, stavebné právo. Právo životného prostredia  |2 konspekt 
080 |a 349.3  |2 2011 
080 |a (437.6)  |2 2011 
080 |a (437.3)  |2 2011 
080 |a (4)  |2 2011 
080 |a (082)  |2 2011 
245 0 0 |a Európsky pilier sociálnych práv a spoločnosť 5.0  |c Helena Barancová (ed.) 
250 |a Vydání první 
264 1 |a Praha  |b Leges  |c 2018 
300 |a 272 strán  |c 20 cm 
336 |a text  |b txt  |2 rdacontent 
337 |a bez média  |b n  |2 rdamedia 
338 |a zväzok  |b nc  |2 rdacarrier 
504 |a Obsahuje bibliografiu a bibliografické odkazy 
546 |a Text aj v češtine 
650 0 7 |a sociálne právo  |2 SNKPH  |9 68477 
650 0 7 |a Social legislation  |2 SNKPHeng  |9 266963 
651 7 |a Slovensko  |2 SNKPHgeo  |9 14231 
651 7 |a Česko  |2 SNKPHgeo  |9 16753 
651 7 |a krajiny Európskej únie  |2 SNKPHgeo  |9 31482 
651 7 |a Slovakia  |2 SNKPHeng  |9 92630 
651 7 |a Czechia  |2 SNKPHeng  |9 170107 
651 7 |a European Union countries  |2 SNKPHng  |9 276031 
655 7 |a zborníky  |2 SNKPH  |9 70165 
655 7 |a Papers of several authors  |2 SNKPHeng  |9 153738 
700 1 |a Barancová, Helena,  |d 1949-  |4 edt  |9 85515 
919 |a 978-80-7205-325-4 
958 |a ZS 
958 |a NB 
958 |a CZ 
958 |a SP 
999 |c 866331  |d 868261 
952 |a SNK  |b SNK  |y PREZ  |7 0  |p 17A1389682  |o snkSC 186642  |i snk2019/28647  |8 1  |0 0  |1 0  |4 0  |d 2019-11-07  |f 1  |l 0  |r 2026-02-24 05:27:19  |w 2026-02-24